000 01477nam a22004097a 4500
001 294
003 FISKH
005 20230421111648.0
008 230316b cb ||||| |||| 00| 0 eng d
020 _z9780385375443
040 _aDLC
_beng
_cDLC
_erda
_dDLC
_dFISKH
041 1 _aeng
_hger
042 _alcac
_apcc
050 0 0 _aPZ7.F96624
_bPj 2015
082 0 0 _a833.92
_223
100 1 _aFunke, Cornelia,
_d1958-
240 1 0 _aPiratenschwein.
_lEnglish
245 1 4 _aThe pirate pig /
_cCornelia Funke ; translated by Oliver Latsch ; illustrated by Kerstin Meyer.
250 _aFirst American edition.
264 1 _aNew York
_bRandom House
_c2015
300 _a55 pages :
_bcolor illustrations ;
_c21 cm
336 _atext
_2rdacontent
337 _aunmediated
_2rdamedia
338 _avolume
_2rdacarrier
500 _a"Originally published as Das Piratenschwein by Cecilie Dressler Verlag GmbH & Co. KG, Hamburg, Germany, in 1999"--Copyright page.
520 _aOn Butterfly Island, sailer Stout Sam and his deckhand Pip must rescue their treasure-sniffing pig from nasty pirate Barracuda Bill.
521 1 _a720
_bLexile
521 1 _aM
_bRaz-Plus
650 1 _aPigs
_vFiction.
650 1 _aPirates
_vFiction.
650 1 _aBuried treasure
_vFiction.
650 1 _aIslands
_vFiction.
700 1 _aLatsch, Oliver,
_etranslator.
700 1 _aMeyer, Kerstin,
_d1966-
_eillustrator.
906 _a7
_bcbc
_corignew
_d1
_eecip
_f20
_gy-gencatlg
942 _2ddc
_cBK
_n0
999 _c294
_d294